Normal view
MARC view
Entry Topical Term
001 - CONTROL NUMBER
- control field: 244780
003 - CONTROL NUMBER IDENTIFIER
- control field: OSt
005 - DATE AND TIME OF LATEST TRANSACTION
- control field: 20251107153540.0
008 - FIXED-LENGTH DATA ELEMENTS
- fixed length control field: 251107|| aca||aabn | a|a d
040 ## - CATALOGING SOURCE
- Original cataloging agency: OSt
- Transcribing agency: OSt
150 ## - HEADING--TOPICAL TERM
- Topical term or geographic name entry element: Shama Rao
670 ## - SOURCE DATA FOUND
- Source citation: Work cat.: (OSt)119827: VISHWESHWARA BHATTA ವಿಶ್ವೇಶ್ವರ ಭಟ್ಟ 244777, Sanjaya uvacha, 2015